00586nam a2200181Ia 4500003000400000005001700004008004100021020001500062050002800077100002200105245005500127260003600182300003400218440000600252942001200258999001700270952011700287OSt20140325143151.0140130s9999 xx 000 0 und d a075341080X aREF 523.8022bG875 2003 aWilkilson, Philip cPhilip WilkilsonaThe grolier world atlas (w/CD) / bScholastic,c2003.aSingapore : a128 p. :bcol. ill. ;c28 cm. v1 cBK2lcc c41788d41788 00102lcc40aMUbMUcREFd2014-01-30l0oREF 523.8022 G875 2003pMU1702r2014-01-30 00:00:00t1w2014-01-30yBK